Slovník sociologických pojmů 610 hesel

Guardado en:
Detalles Bibliográficos
Autor principal: Jandourek, Jan
Formato: Libro
Lenguaje:checo
Publicado: Praha GRADA Publishing 2012
Materias:
Etiquetas: Agregar Etiqueta
Sin Etiquetas, Sea el primero en etiquetar este registro!

MARC

LEADER 00000nam a2200000 4500
001 0157147
005 20240315114715.5
020 |a 978-80-247-3679-2 
041 0 |a cze 
044 |a CZ 
245 1 0 |a Slovník sociologických pojmů  |b 610 hesel  |c Jan Jandourek 
264 1 |a Praha  |b GRADA Publishing  |c 2012 
300 |a 258 s. 
610 2 0 |a sociológia 
610 2 0 |a pojmy 
610 2 0 |a terminológia 
100 1 |a Jandourek, Jan